000 00935nam2a22002531 4500
001 RU\NLR\Per\815823
005 20250617192253.0
035 _a(NLR Aleph) 003060011
090 _a2218501
_c2218501
100 _a20111114d2011 |||y0rusy50 ca
101 0 _arus
102 _aRU
105 _ay |||||||||
200 0 _a2011, 10 (262)
210 _d2011
_aБ. м.
461 0 _1001RU\NLR\INFOCOMM4\1000503711
_12001#$aВсе для бухгалтера$eЕжемес. журн.$fУчредитель: АО"Фининнова"$v2011, 10 (262)
_91995128
_cМ.
_d1996 -
_fУчредитель: АО"Фининнова"
_nАО"Фининнова"
_oЕжемес. журн.
_tВсе для бухгалтера
_x2079-6765
_v2011, 10 (262)
801 1 _aRU
_bInfoComm
_c20040127
801 0 _aRU
_bNLR
_gPSBO
801 2 _aRU
_bNLR
_c20071205
_2rusmarc
852 _aNLR
_jП23/4108
942 _cISSUE
980 _aNB
980 _aRUSPER